LEADER 01334nam0-22004091i-450- 001 990005529350203316 005 20050712120000.0 035 $a000552935 035 $aUSA01000552935 035 $a(ALEPH)000552935USA01 035 $a000552935 100 $a20050712d1984-------|0frac50------ba 101 $afre 102 $aFR 105 $a|||| ||||| 200 1 $a<> societés japonaises de commerce général$eleur role dans le developpement économique$fpar Kiyoshi Kojima et Terutomo Ozawa 210 $aParis$cOCDE$d1984 215 $a129 p.$d23 cm. 225 2$aÉtudes du Centre de dévéloppement. - Paris 410 1$12001$aÉtudes du Centre de dévéloppement. - Paris 606 $aGiappone$xCommercio$2FI 620 $dParis 676 $a382.0952$cCommercio Internazionale - Giappone$v21 700 1$aKOJIMA,$bKiyoshi$0124443 701 1$aOZAWA,$bTerutomo$0124453 712 $aOCDE-OECD 801 $aIT$bSOL$c20120104 912 $a990005529350203316 950 $aDIP.TO SCIENZE ECONOMICHE - (SA)$dDS 300 382.0952 KOJ$e317 DISES 951 $a300 382.0952 KOJ$b317 DISES 959 $aBK 969 $aDISES 979 $c20121027$lUSA01$h1532 979 $c20121027$lUSA01$h1613 996 $aSocietés japonaises de commerce général$91130296 997 $aUNISA NUM $aUSA14849 LEADER 01706nam 2200517 450 001 9910467814503321 005 20211005151834.0 010 $a1-4411-0583-2 010 $a1-4411-3118-3 035 $a(CKB)4340000000253865 035 $a(MiAaPQ)EBC5309668 035 $a(Au-PeEL)EBL5309668 035 $a(CaPaEBR)ebr11518635 035 $a(OCoLC)1027158058 035 $a(MiAaPQ)EBC4948500 035 $a(MiAaPQ)EBC6158771 035 $a(Au-PeEL)EBL4948500 035 $a(CaONFJC)MIL851481 035 $a(OCoLC)1024269652 035 $a(EXLCZ)994340000000253865 100 $a20180315h20112011 uy 0 101 0 $aeng 135 $aurcnu|||||||| 181 $2rdacontent 182 $2rdamedia 183 $2rdacarrier 200 10$aBarefoot disciple $ewalking the way of passionate humility : the Archbishop of Canterbury's Lent book 2011 /$fStephen Cherry 205 $a1st ed. 210 1$aLondon, [England] ;$aNew York, New York :$cContinuum,$d2011. 210 4$d©2011 215 $a1 online resource (179 pages) 311 $a1-4411-8286-1 320 $aIncludes bibliographical references. 330 $aThe rediscovery of genuine, passionate humility as a healthy, life-giving and community-building virtue, capable of transforming our BSE (Blame Someone Else) society. 606 $aHumility$xReligious aspects$xChristianity 608 $aElectronic books. 615 0$aHumility$xReligious aspects$xChristianity. 676 $a241/.4 700 $aCherry$b Stephen$01029538 801 0$bMiAaPQ 801 1$bMiAaPQ 801 2$bMiAaPQ 906 $aBOOK 912 $a9910467814503321 996 $aBarefoot disciple$92470700 997 $aUNINA